[Event "Gibtelecom AmatWk1 8th"]
[Site "Gibraltar"]
[Date "2010.01.28"]
[Round "3.4"]
[White "Elfverson, Cajsa"]
[Black "Gallardo Ribot, Laura"]
[Result "1-0"]
[WhiteElo "1569"]
[BlackElo "1698"]
[PlyCount "71"]
[EventDate "2010.01.26"]
[EventType "swiss"]
[EventRounds "5"]
[EventCountry "GGB"]
[SourceTitle "BritBase"]
[Source "www.saund.co.uk"]
[SourceDate "2018.02.10"]
[SourceVersion "1"]
[SourceVersionDate "2018.02.10"]
[SourceQuality "1"]

1. Nf3 Nc6 2. g3 e5 3. d3 f5 4. Bg2 Nf6 5. Nbd2 Bc5 6. O-O d6 7. e4 f4 8. c3
Be6 9. b4 Bb6 10. a3 Qd7 11. Bb2 Bh3 12. d4 g5 13. Qc2 Bxg2 14. Kxg2 g4 15. Nh4
Ne7 16. Nc4 Ng6 17. Nf5 h5 18. Rad1 h4 19. dxe5 Nh5 20. Ncxd6+ cxd6 21. Rxd6
f3+ 22. Kg1 Qh7 23. Qa4+ Kf8 24. Rd7 Qg8 25. Qd1 hxg3 26. Qd6+ Ke8 27. Re7+ Kf8
28. Rxb7+ Ke8 29. Re7+ Kf8 30. Rxa7+ Ke8 31. Rxa8+ Kf7 32. Qd7+ Ne7 33. Qxe7+
Kg6 34. Rxg8+ Rxg8 35. Qe6+ Kh7 36. Qh6# 1-0

[Event "Gibtelecom AmatWk1 8th"]
[Site "Gibraltar"]
[Date "2010.01.28"]
[Round "3.5"]
[White "Kuenitz, Klaus"]
[Black "Garcia, Mario"]
[Result "1-0"]
[WhiteElo "1755"]
[BlackElo "1663"]
[PlyCount "57"]
[EventDate "2010.01.26"]
[EventType "swiss"]
[EventRounds "5"]
[EventCountry "GGB"]
[SourceTitle "BritBase"]
[Source "www.saund.co.uk"]
[SourceDate "2018.02.10"]
[SourceVersion "1"]
[SourceVersionDate "2018.02.10"]
[SourceQuality "1"]

1. d4 d5 2. c4 e6 3. Nf3 c6 4. e3 Nf6 5. Nc3 Be7 6. Qc2 Nbd7 7. e4 dxe4 8. Nxe4
Nxe4 9. Qxe4 Nf6 10. Qc2 Qa5+ 11. Bd2 Qh5 12. Be2 Qg6 13. Qxg6 hxg6 14. O-O Bd6
15. Bd3 Bd7 16. h3 c5 17. dxc5 Bxc5 18. b4 Bd6 19. c5 Bc7 20. Bc3 Bc6 21. Be5
O-O-O 22. Bxc7 Rxd3 23. Ne5 Rdxh3 24. gxh3 Bd5 25. Bd6 Rxh3 26. f3 Nh5 27. Nxf7
Bxf3 28. Rxf3 Rxf3 29. Ng5 1-0

[Event "Gibtelecom AmatWk1 8th"]
[Site "Gibraltar"]
[Date "2010.01.28"]
[Round "3.6"]
[White "Oumalek, Achraf"]
[Black "Carlsen, Ingrid Oen"]
[Result "1-0"]
[WhiteElo "1750"]
[BlackElo "1508"]
[PlyCount "89"]
[EventDate "2010.01.26"]
[EventType "swiss"]
[EventRounds "5"]
[EventCountry "GGB"]
[SourceTitle "BritBase"]
[Source "www.saund.co.uk"]
[SourceDate "2018.02.10"]
[SourceVersion "1"]
[SourceVersionDate "2018.02.10"]
[SourceQuality "1"]

1. e4 c5 2. Nc3 Nc6 3. Nf3 g6 4. d3 Bg7 5. Bd2 e6 6. Be2 Nge7 7. Rb1 O-O 8. a3
d5 9. exd5 exd5 10. b4 cxb4 11. axb4 Nf5 12. O-O a6 13. Na4 Re8 14. c3 Ne5 15.
d4 Nc4 16. Bf4 b6 17. Re1 Bd7 18. Nb2 Nfd6 19. Nxc4 Nxc4 20. Nd2 b5 21. Nxc4
bxc4 22. Bf3 Be6 23. Ra1 Qd7 24. Ra5 Rec8 25. Qd2 Bf6 26. Bg5 Bxg5 27. Qxg5 Qd8
28. Qxd8+ Rxd8 29. Rea1 Rd6 30. h3 Kf8 31. Rc5 Rc8 32. Rca5 Rcc6 33. Rc5 Rxc5
34. dxc5 Rc6 35. Rd1 a5 36. Bxd5 Bxd5 37. Rxd5 axb4 38. cxb4 c3 39. Rd3 c2 40.
Rc3 Rc7 41. Rxc2 Ke7 42. b5 Kd8 43. Kf1 Rb7 44. b6 Ke7 45. c6 1-0

[Event "Gibtelecom AmatWk1 8th"]
[Site "Gibraltar"]
[Date "2010.01.28"]
[Round "3.7"]
[White "Tomassetti, Giuseppe"]
[Black "Agdestein, Sjur"]
[Result "1/2-1/2"]
[WhiteElo "1704"]
[BlackElo "1729"]
[PlyCount "88"]
[EventDate "2010.01.26"]
[EventType "swiss"]
[EventRounds "5"]
[EventCountry "GGB"]
[SourceTitle "BritBase"]
[Source "www.saund.co.uk"]
[SourceDate "2018.02.10"]
[SourceVersion "1"]
[SourceVersionDate "2018.02.10"]
[SourceQuality "1"]

1. e4 c5 2. Nf3 Nc6 3. Bb5 d6 4. d4 cxd4 5. Nxd4 Bd7 6. Nc3 Nf6 7. O-O e6 8.
Bg5 Be7 9. Qd2 a6 10. Nxc6 Bxc6 11. Bd3 b5 12. Rfe1 h6 13. Bh4 Qc7 14. Bxf6
gxf6 15. Qf4 Kd7 16. Nd1 Rag8 17. Ne3 h5 18. c4 Rg5 19. cxb5 axb5 20. Rac1 Qb7
21. h4 Rg7 22. Re2 Ke8 23. Rec2 Bd7 24. Rc7 Qb6 25. b4 Rf8 26. a3 d5 27. Rxd7
Kxd7 28. exd5 Rc8 29. dxe6+ fxe6 30. Rd1 Ke8 31. Qh6 Kf8 32. Qxh5 Rd8 33. Qh8+
Kf7 34. Qh5+ Kf8 35. Qe2 f5 36. h5 Kf7 37. Rc1 Bg5 38. Bxb5 Bxe3 39. fxe3 Rdg8
40. Bc6 Rg3 41. Bf3 f4 42. Kf2 fxe3+ 43. Kf1 Qd4 44. Rd1 Qf4 1/2-1/2

[Event "Gibtelecom AmatWk1 8th"]
[Site "Gibraltar"]
[Date "2010.01.28"]
[Round "3.8"]
[White "McGladdery, David G"]
[Black "Whatley, Stephen A J"]
[Result "1-0"]
[WhiteElo "1664"]
[BlackElo "1408"]
[PlyCount "129"]
[EventDate "2010.01.26"]
[EventType "swiss"]
[EventRounds "5"]
[EventCountry "GGB"]
[SourceTitle "BritBase"]
[Source "www.saund.co.uk"]
[SourceDate "2018.02.10"]
[SourceVersion "1"]
[SourceVersionDate "2018.02.10"]
[SourceQuality "1"]

1. Nf3 Nf6 2. c4 c5 3. e3 d5 4. cxd5 Nxd5 5. Nc3 Bg4 6. Bc4 e6 7. Qa4+ Qd7 8.
Bb5 Nc6 9. Qxg4 a6 10. Bxc6 Qxc6 11. Nxd5 Qxd5 12. O-O g6 13. Qa4+ b5 14. Qd1
Bg7 15. d4 Rd8 16. b3 cxd4 17. Bb2 e5 18. exd4 e4 19. Qe2 O-O 20. Nd2 Rfe8 21.
Rad1 f5 22. Kh1 Bh6 23. Nb1 e3 24. f3 Rd7 25. Nc3 Qd6 26. Qd3 Bg7 27. Ne2 Qd5
28. Rfe1 Bh6 29. Bc1 f4 30. Bb2 Rc7 31. Rc1 Rd7 32. Rc5 Qb7 33. Qc2 Qb6 34. Rc8
Rdd8 35. Rxd8 Rxd8 36. Qe4 Rf8 37. Rc1 Qf6 38. Qd5+ Qf7 39. Qxf7+ Rxf7 40. Rc8+
Rf8 41. Rxf8+ Kxf8 42. g3 fxg3 43. hxg3 Ke7 44. Kg2 Bg7 45. f4 Ke6 46. Kf3 Kd5
47. Kxe3 b4 48. a3 Bf8 49. axb4 Bxb4 50. g4 Ke6 51. Ke4 h5 52. d5+ Kd6 53. gxh5
gxh5 54. f5 h4 55. f6 h3 56. Be5+ Kd7 57. Nd4 Ke8 58. Kf5 Kf7 59. d6 Ba5 60. d7
Bd8 61. Nc6 Bxf6 62. Bxf6 h2 63. Ne5+ Kg8 64. d8=Q+ Kh7 65. Qh8# 1-0

[Event "Gibtelecom AmatWk1 8th"]
[Site "Gibraltar"]
[Date "2010.01.28"]
[Round "3.9"]
[White "Poggio, Freddie"]
[Black "Cox, Reginald"]
[Result "1-0"]
[WhiteElo "1640"]
[BlackElo "1352"]
[PlyCount "65"]
[EventDate "2010.01.26"]
[EventType "swiss"]
[EventRounds "5"]
[EventCountry "GGB"]
[SourceTitle "BritBase"]
[Source "www.saund.co.uk"]
[SourceDate "2018.02.10"]
[SourceVersion "1"]
[SourceVersionDate "2018.02.10"]
[SourceQuality "1"]

1. d4 Nf6 2. c4 e6 3. Nc3 Bb4 4. Bg5 h6 5. Bd2 Bxc3 6. Bxc3 O-O 7. Qc2 d5 8. e3
Nc6 9. Bd3 Re8 10. Nf3 b6 11. O-O-O a5 12. a3 Ba6 13. Ne5 Nxe5 14. dxe5 Nd7 15.
Bd4 c5 16. Bc3 Bb7 17. f4 Bc6 18. Rhg1 Rf8 19. f5 Qg5 20. Qf2 d4 21. Bd2 Nxe5
22. Kc2 Nxd3 23. Kxd3 Qxf5+ 24. Qxf5 exf5 25. exd4 Be4+ 26. Kc3 cxd4+ 27. Kxd4
Rad8+ 28. Ke3 Rd3+ 29. Kf2 Rfd8 30. Ke2 Bc6 31. Be3 Be4 32. Bxb6 a4 33. Bxd8
1-0

[Event "Gibtelecom AmatWk1 8th"]
[Site "Gibraltar"]
[Date "2010.01.28"]
[Round "3.10"]
[White "Walshaw, David"]
[Black "Agdestein, Fredrik"]
[Result "1-0"]
[WhiteElo "1640"]
[BlackElo "1306"]
[PlyCount "37"]
[EventDate "2010.01.26"]
[EventType "swiss"]
[EventRounds "5"]
[EventCountry "GGB"]
[SourceTitle "BritBase"]
[Source "www.saund.co.uk"]
[SourceDate "2018.02.10"]
[SourceVersion "1"]
[SourceVersionDate "2018.02.10"]
[SourceQuality "1"]

1. e4 c5 2. Nf3 Nc6 3. d4 cxd4 4. Nxd4 Nf6 5. f3 a6 6. c4 e6 7. Nc2 Qc7 8. Be3
Bd6 9. g3 O-O 10. Nc3 Bb4 11. Nxb4 Nxb4 12. Qd2 h6 13. b3 Nc6 14. Bg2 Ne7 15.
O-O b6 16. Rac1 Rd8 17. Qf2 Rb8 18. Na4 Qc6 19. e5 1-0

[Event "Gibtelecom AmatWk1 8th"]
[Site "Gibraltar"]
[Date "2010.01.28"]
[Round "3.11"]
[White "Fetzner, Frank"]
[Black "Jacobsen, Caroline Beer"]
[Result "0-1"]
[WhiteElo "1592"]
[BlackElo "1300"]
[PlyCount "54"]
[EventDate "2010.01.26"]
[EventType "swiss"]
[EventRounds "5"]
[EventCountry "GGB"]
[SourceTitle "BritBase"]
[Source "www.saund.co.uk"]
[SourceDate "2018.02.10"]
[SourceVersion "1"]
[SourceVersionDate "2018.02.10"]
[SourceQuality "1"]

1. Nf3 d5 2. g3 Nf6 3. Bg2 Nc6 4. d4 Bf5 5. O-O e6 6. c3 Bd6 7. Re1 O-O 8. Nbd2
Re8 9. Nh4 Ne7 10. Nxf5 Nxf5 11. e4 dxe4 12. Nxe4 Nxe4 13. Bxe4 c6 14. Qg4 Qf6
15. h4 Qg6 16. Bg5 f6 17. Qh3 fxg5 18. g4 gxh4 19. Kf1 Rf8 20. gxf5 exf5 21.
Bc2 Qg4 22. Qe3 Bh2 23. Qe6+ Kh8 24. Qd7 Qg1+ 25. Ke2 Rae8+ 26. Kd2 Bf4+ 27.
Re3 Bxe3+ 0-1

[Event "Gibtelecom AmatWk1 8th"]
[Site "Gibraltar"]
[Date "2010.01.28"]
[Round "3.12"]
[White "Manetto, Luis"]
[Black "Agdestein, Victoria"]
[Result "1-0"]
[WhiteElo "1590"]
[BlackElo "1000"]
[PlyCount "67"]
[EventDate "2010.01.26"]
[EventType "swiss"]
[EventRounds "5"]
[EventCountry "GGB"]
[SourceTitle "BritBase"]
[Source "www.saund.co.uk"]
[SourceDate "2018.02.10"]
[SourceVersion "1"]
[SourceVersionDate "2018.02.10"]
[SourceQuality "1"]

1. e4 e5 2. Nf3 Nc6 3. Bb5 a6 4. Ba4 Nf6 5. O-O Nxe4 6. d4 exd4 7. Nxd4 Nxd4 8.
Qxd4 Nf6 9. Re1+ Be7 10. Bg5 O-O 11. Nc3 b5 12. Bb3 c5 13. Qe5 Re8 14. Bxf7+
Kxf7 15. Bxf6 Bxf6 16. Qd5+ Re6 17. Qxa8 Qe8 18. Rxe6 dxe6 19. Ne4 Be7 20. Qa7
Kf8 21. Rd1 Qg6 22. Qa8 Kf7 23. f3 Qh6 24. Qxc8 Qe3+ 25. Kh1 Qe2 26. Qd7 c4 27.
Qd2 Qxd2 28. Rxd2 b4 29. Rd7 Kf8 30. Ra7 g5 31. Rxa6 Kf7 32. Rc6 c3 33. bxc3
bxc3 34. Rxc3 1-0

[Event "Gibtelecom AmatWk1 8th"]
[Site "Gibraltar"]
[Date "2010.01.28"]
[Round "3.13"]
[White "Grodas, Ole Jakob"]
[Black "Brooks, Harry"]
[Result "0-1"]
[WhiteElo "1000"]
[BlackElo "1552"]
[PlyCount "86"]
[EventDate "2010.01.26"]
[EventType "swiss"]
[EventRounds "5"]
[EventCountry "GGB"]
[SourceTitle "BritBase"]
[Source "www.saund.co.uk"]
[SourceDate "2018.02.10"]
[SourceVersion "1"]
[SourceVersionDate "2018.02.10"]
[SourceQuality "1"]

1. e4 e6 2. d4 d5 3. Nc3 Nf6 4. e5 Nfd7 5. Bb5 a6 6. Ba4 b5 7. Bb3 c5 8. a4 c4
9. Ba2 b4 10. Nce2 Be7 11. Nf3 Qa5 12. Bd2 Qb6 13. c3 b3 14. Bb1 a5 15. O-O O-O
16. Bg5 Bxg5 17. Nxg5 g6 18. Nf4 Ra6 19. Qg4 Kg7 20. Nh5+ Kg8 21. Nxh7 Kxh7 22.
Nf6+ Kg7 23. Nh5+ Kh6 24. Nf4 Rg8 25. Qh4+ Kg7 26. Nxg6 fxg6 27. Qe7+ Kh6 28.
Qf7 Qd8 29. h4 Qf8 30. Qxf8+ Nxf8 31. Kh2 Ra7 32. Kh3 Rf7 33. f4 Nh7 34. g4
Rgf8 35. g5+ Kg7 36. Kg4 Nc6 37. h5 Ne7 38. h6+ Kg8 39. Bxg6 Nxg6 40. Kh5 Nxf4+
41. Rxf4 Rxf4 42. Rg1 R8f5 43. Kg6 Bd7 0-1

[Event "Gibtelecom AmatWk1 8th"]
[Site "Gibraltar"]
[Date "2010.01.28"]
[Round "3.14"]
[White "Candano Gonzalez, Alvaro"]
[Black "Reci, Nadja"]
[Result "0-1"]
[WhiteElo "1540"]
[BlackElo "1544"]
[PlyCount "156"]
[EventDate "2010.01.26"]
[EventType "swiss"]
[EventRounds "5"]
[EventCountry "GGB"]
[SourceTitle "BritBase"]
[Source "www.saund.co.uk"]
[SourceDate "2018.02.10"]
[SourceVersion "1"]
[SourceVersionDate "2018.02.10"]
[SourceQuality "1"]

1. c4 e5 2. g3 Nf6 3. Bg2 Be7 4. Nc3 O-O 5. d3 d6 6. Nf3 Be6 7. O-O Nc6 8. Rb1
d5 9. Ng5 dxc4 10. Nxe6 fxe6 11. dxc4 Qxd1 12. Rxd1 Rad8 13. Bxc6 Rxd1+ 14.
Nxd1 bxc6 15. Be3 c5 16. h3 Nh5 17. Nc3 Bd6 18. Rd1 Rb8 19. b3 Nf6 20. Kg2 e4
21. Nb5 a5 22. Nxd6 cxd6 23. Rxd6 a4 24. bxa4 Ra8 25. Bxc5 Rxa4 26. a3 Rxc4 27.
Bb4 Nd5 28. Rd8+ Kf7 29. Rd7+ Kf6 30. Bf8 Rc2 31. Bxg7+ Kg6 32. Bd4 Rd2 33.
Rg7+ Kh6 34. Be5 Rxe2 35. Kf1 Rc2 36. Ra7 Rc5 37. Ke1 Rc1+ 38. Kd2 Rh1 39. h4
Kg6 40. Bd4 Rb1 41. Kc2 Rb8 42. g4 Rc8+ 43. Kd2 Nc7 44. Be5 Nb5 45. Rg7+ Kh6
46. Rxh7+ Kxh7 47. a4 Na7 48. a5 Rc5 49. Bc3 Rc6 50. h5 Kh6 51. Bd4 Nc8 52.
Be3+ Kh7 53. g5 Ra6 54. Bd4 Rxa5 55. Bf6 Nd6 56. g6+ Kh6 57. g7 Ra8 58. Ke3
Nf5+ 59. Kxe4 Nxg7 60. f4 Nxh5 61. Bg5+ Kg6 62. Ke5 Rf8 63. Be7 Rf5+ 64. Kxe6
Nxf4+ 65. Kd6 Rd5+ 66. Kc6 Kf5 67. Bh4 Ke6 68. Bg3 Nd3 69. Bh2 Rc5+ 70. Kb6 Kd7
71. Bg1 Rc1 72. Be3 Rb1+ 73. Ka5 Kc6 74. Bd4 Rb8 75. Ka4 Kd5 76. Bf6 Kc4 77.
Ka5 Nc5 78. Be5 Rb5# 0-1

[Event "Gibtelecom AmatWk1 8th"]
[Site "Gibraltar"]
[Date "2010.01.28"]
[Round "3.15"]
[White "Barros Campoy, Jose Manuel"]
[Black "Albrecht, Franz"]
[Result "1-0"]
[WhiteElo "1585"]
[BlackElo "1546"]
[PlyCount "47"]
[EventDate "2010.01.26"]
[EventType "swiss"]
[EventRounds "5"]
[EventCountry "GGB"]
[SourceTitle "BritBase"]
[Source "www.saund.co.uk"]
[SourceDate "2018.02.10"]
[SourceVersion "1"]
[SourceVersionDate "2018.02.10"]
[SourceQuality "1"]

1. b4 Nf6 2. Bb2 e6 3. a3 d5 4. Nf3 Nbd7 5. e3 c6 6. Be2 Bd6 7. O-O b6 8. c4
O-O 9. Nc3 Re8 10. d4 Qc7 11. Rc1 Bb7 12. cxd5 exd5 13. Nb5 Qb8 14. Nxd6 Qxd6
15. Bd3 Rab8 16. Re1 Ne4 17. Ne5 f6 18. Nxd7 Qxd7 19. f3 Nd6 20. e4 dxe4 21.
fxe4 Nf7 22. e5 fxe5 23. dxe5 Ng5 24. Bxh7+ 1-0

[Event "Gibtelecom AmatWk1 8th"]
[Site "Gibraltar"]
[Date "2010.01.28"]
[Round "3.16"]
[White "Haddock, Paul"]
[Black "Cox, Marian"]
[Result "1-0"]
[WhiteElo "1793"]
[BlackElo "1384"]
[PlyCount "91"]
[EventDate "2010.01.26"]
[EventType "swiss"]
[EventRounds "5"]
[EventCountry "GGB"]
[SourceTitle "BritBase"]
[Source "www.saund.co.uk"]
[SourceDate "2018.02.10"]
[SourceVersion "1"]
[SourceVersionDate "2018.02.10"]
[SourceQuality "1"]

1. e4 e5 2. f4 exf4 3. Nf3 Nc6 4. d4 d5 5. e5 Be6 6. Bxf4 Bb4+ 7. c3 Ba5 8. Bd3
Nge7 9. Bg5 Qd7 10. Nbd2 Bf5 11. Bxf5 Nxf5 12. b4 Bb6 13. Nb3 h6 14. Bd2 a6 15.
Nc5 Bxc5 16. bxc5 O-O 17. Rb1 Rab8 18. O-O Na5 19. g4 Ne7 20. Nh4 g5 21. Nf5
Nxf5 22. gxf5 f6 23. e6 Qg7 24. Qh5 Nc6 25. Rf3 Ne7 26. Rbf1 Kh7 27. Kh1 Rh8
28. Rg1 Kg8 29. Rg2 Rh7 30. Kg1 Kh8 31. Rff2 b5 32. cxb6 cxb6 33. Bf4 Rf8 34.
Bd6 Nc6 35. Re2 Ne7 36. Qf3 g4 37. Qd3 b5 38. a4 bxa4 39. Bxe7 Qxe7 40. Qxa6 a3
41. Ra2 Qa7 42. Rxa3 Qxa6 43. Rxa6 h5 44. Rd6 Rb8 45. Re2 Re7 46. Rxd5 1-0

[Event "Gibtelecom AmatWk1 8th"]
[Site "Gibraltar"]
[Date "2010.01.28"]
[Round "3.17"]
[White "Apps, Ray"]
[Black "Bath, Tom"]
[Result "0-1"]
[WhiteElo "1000"]
[BlackElo "1424"]
[PlyCount "46"]
[EventDate "2010.01.26"]
[EventType "swiss"]
[EventRounds "5"]
[EventCountry "GGB"]
[SourceTitle "BritBase"]
[Source "www.saund.co.uk"]
[SourceDate "2018.02.10"]
[SourceVersion "1"]
[SourceVersionDate "2018.02.10"]
[SourceQuality "1"]

1. d4 Nf6 2. e3 b6 3. c3 Bb7 4. Nf3 d6 5. c4 Nbd7 6. Nc3 e6 7. e4 h6 8. Be2 Be7
9. O-O O-O 10. g3 Nh7 11. Be3 Kh8 12. g4 f5 13. gxf5 exf5 14. exf5 Rxf5 15. Kg2
Bg5 16. Bd3 Bxf3+ 17. Kg1 Bxd1 18. Raxd1 Bxe3 19. Bxf5 Qg5+ 20. Kh1 Qxf5 21.
fxe3 Qc2 22. Rb1 Rf8 23. Rbc1 Rxf1+ 0-1

[Event "Gibtelecom AmatWk1 8th"]
[Site "Gibraltar"]
[Date "2010.01.28"]
[Round "3.18"]
[White "Berggren, Klas"]
[Black "Apps, Ian"]
[Result "1-0"]
[WhiteElo "1364"]
[BlackElo "1224"]
[PlyCount "43"]
[EventDate "2010.01.26"]
[EventType "swiss"]
[EventRounds "5"]
[EventCountry "GGB"]
[SourceTitle "BritBase"]
[Source "www.saund.co.uk"]
[SourceDate "2018.02.10"]
[SourceVersion "1"]
[SourceVersionDate "2018.02.10"]
[SourceQuality "1"]

1. d4 Nf6 2. Bf4 g6 3. e3 Bg7 4. Nf3 O-O 5. Be2 d6 6. h3 Be6 7. O-O c5 8. c3
Nc6 9. Nbd2 Nd5 10. Bh2 Qd7 11. e4 cxd4 12. exd5 Bxd5 13. Nxd4 Nxd4 14. cxd4
Bxd4 15. Nb3 e5 16. Nxd4 exd4 17. Qxd4 Qe6 18. Rfe1 Rfe8 19. b3 Rac8 20. Qd2
Bc6 21. Bf4 f6 22. Bc4 1-0

[Event "Gibtelecom AmatWk1 8th"]
[Site "Gibraltar"]
[Date "2010.01.28"]
[Round "3.19"]
[White "Grodas, Margrethe Bjerkem"]
[Black "Cramling Bellon, Anna Yolanda"]
[Result "1-0"]
[WhiteElo "1000"]
[BlackElo "1000"]
[PlyCount "55"]
[EventDate "2010.01.26"]
[EventType "swiss"]
[EventRounds "5"]
[EventCountry "GGB"]
[SourceTitle "BritBase"]
[Source "www.saund.co.uk"]
[SourceDate "2018.02.10"]
[SourceVersion "1"]
[SourceVersionDate "2018.02.10"]
[SourceQuality "1"]

1. e4 e5 2. Nf3 Nc6 3. Bc4 Nf6 4. Ng5 Qe7 5. Bxf7+ Kd8 6. O-O d6 7. d3 h6 8.
Bc4 hxg5 9. Bxg5 Be6 10. d4 Bxc4 11. Re1 Nxd4 12. Na3 Ba6 13. Qd2 Kc8 14. c3
Ne2+ 15. Rxe2 Bxe2 16. Qxe2 Qf7 17. Nb5 d5 18. exd5 Qxd5 19. c4 Qe6 20. Rd1 Be7
21. Qe1 b6 22. Bf4 Nd7 23. Nd4 Qf6 24. Nc6 Bd6 25. Qe2 Qh4 26. h3 Qxf4 27. c5
bxc5 28. Qa6# 1-0

[Event "Gibtelecom AmatWk1 8th"]
[Site "Gibraltar"]
[Date "2010.01.28"]
[Round "3.20"]
[White "Yarur Rescaglio, Maria Jose"]
[Black "Apps, Matthew"]
[Result "1-0"]
[WhiteElo "1000"]
[BlackElo "1000"]
[PlyCount "61"]
[EventDate "2010.01.26"]
[EventType "swiss"]
[EventRounds "5"]
[EventCountry "GGB"]
[SourceTitle "BritBase"]
[Source "www.saund.co.uk"]
[SourceDate "2018.02.10"]
[SourceVersion "1"]
[SourceVersionDate "2018.02.10"]
[SourceQuality "1"]

1. d4 d5 2. Nf3 g6 3. Bg5 c6 4. Nc3 Bg7 5. e4 h6 6. Bh4 g5 7. Bg3 e6 8. e5 Qe7
9. Qd3 Na6 10. a3 c5 11. O-O-O c4 12. Qe3 Qc7 13. Nb5 Qa5 14. Nd6+ Kf8 15. Bxc4
Bd7 16. Be2 Ne7 17. Nxb7 Qc7 18. Bxa6 Rc8 19. Qb3 Ba4 20. Qxa4 g4 21. Nh4 h5
22. f3 Bh6+ 23. Kb1 Nc6 24. f4 Nb8 25. Nc5 Nxa6 26. Nxa6 Qb6 27. f5 Rc4 28. Qd7
Be3 29. fxe6 fxe6 30. Rhf1+ Kg8 31. Qf7# 1-0

[Event "Gibtelecom AmatWk1 8th"]
[Site "Gibraltar"]
[Date "2010.01.29"]
[Round "4.1"]
[White "Sigamoney, Cyril S"]
[Black "Hegelund, Ole Jakob"]
[Result "1/2-1/2"]
[WhiteElo "1783"]
[BlackElo "1702"]
[PlyCount "40"]
[EventDate "2010.01.26"]
[EventType "swiss"]
[EventRounds "5"]
[EventCountry "GGB"]
[SourceTitle "BritBase"]
[Source "www.saund.co.uk"]
[SourceDate "2018.02.10"]
[SourceVersion "1"]
[SourceVersionDate "2018.02.10"]
[SourceQuality "1"]

1. d4 d5 2. Bf4 c6 3. e3 Bf5 4. c4 e6 5. Nc3 Nf6 6. h3 Bd6 7. Bxd6 Qxd6 8. Nf3
Qb4 9. Qb3 Qxb3 10. axb3 Nbd7 11. Be2 h6 12. O-O O-O 13. Ra3 Rfc8 14. c5 a6 15.
b4 Ne8 16. Rfa1 Nc7 17. Nd2 Rab8 18. Nb3 Nb5 19. Nxb5 axb5 20. Ra7 e5 1/2-1/2

[Event "Gibtelecom AmatWk1 8th"]
[Site "Gibraltar"]
[Date "2010.01.29"]
[Round "4.2"]
[White "Rujan, Rodel-Marinel"]
[Black "Elfverson, Cajsa"]
[Result "1-0"]
[WhiteElo "1780"]
[BlackElo "1569"]
[PlyCount "55"]
[EventDate "2010.01.26"]
[EventType "swiss"]
[EventRounds "5"]
[EventCountry "GGB"]
[SourceTitle "BritBase"]
[Source "www.saund.co.uk"]
[SourceDate "2018.02.10"]
[SourceVersion "1"]
[SourceVersionDate "2018.02.10"]
[SourceQuality "1"]

1. e4 c5 2. Nf3 Nc6 3. g3 g6 4. d4 cxd4 5. Nxd4 Bg7 6. Nb3 Nf6 7. Bg2 O-O 8.
O-O d6 9. h3 Ne5 10. f4 Qb6+ 11. Kh1 Nc4 12. Qe2 Qc7 13. Kh2 Rb8 14. Nc3 a6 15.
a4 Bd7 16. e5 dxe5 17. fxe5 Nxe5 18. Bf4 Nh5 19. Nd5 Qd6 20. Rad1 Nxf4 21. gxf4
Nc6 22. Nb6 Qe6 23. Qf2 Bc8 24. Nc5 Qf5 25. Ncd7 Rd8 26. Nxb8 Bd4 27. Nxc6 bxc6
28. Rxd4 1-0

[Event "Gibtelecom AmatWk1 8th"]
[Site "Gibraltar"]
[Date "2010.01.29"]
[Round "4.3"]
[White "Oumalek, Achraf"]
[Black "Kuenitz, Klaus"]
[Result "0-1"]
[WhiteElo "1750"]
[BlackElo "1755"]
[PlyCount "76"]
[EventDate "2010.01.26"]
[EventType "swiss"]
[EventRounds "5"]
[EventCountry "GGB"]
[SourceTitle "BritBase"]
[Source "www.saund.co.uk"]
[SourceDate "2018.02.10"]
[SourceVersion "1"]
[SourceVersionDate "2018.02.10"]
[SourceQuality "1"]

1. e4 e6 2. d4 d5 3. exd5 exd5 4. Bd3 Nc6 5. Ne2 Bg4 6. Nbc3 Nf6 7. Be3 Nb4 8.
O-O Nxd3 9. Qxd3 c6 10. Ng3 Be7 11. a3 O-O 12. Rfe1 Re8 13. h3 Bd7 14. Nce2 Bd6
15. b4 Ne4 16. Nxe4 dxe4 17. Qd2 Qh4 18. Bg5 Qh5 19. Qe3 Re6 20. Bf4 Be7 21.
Bg3 g5 22. Bh2 f5 23. Ng3 Qg6 24. f4 Bd6 25. Ne2 h6 26. g3 Kh8 27. Kf2 Qh5 28.
Ng1 Rg8 29. Rf1 gxf4 30. gxf4 Reg6 31. Ke1 Rg2 32. Rf2 Rxg1+ 33. Bxg1 Rxg1+ 34.
Rf1 Rg2 35. Rf2 Qh4 36. Kf1 Rg3 37. Qe2 Qxh3+ 38. Rg2 Qh1+ 0-1

[Event "Gibtelecom AmatWk1 8th"]
[Site "Gibraltar"]
[Date "2010.01.29"]
[Round "4.4"]
[White "Manetto, Luis"]
[Black "Hirneise, Lothar"]
[Result "1-0"]
[WhiteElo "1590"]
[BlackElo "1707"]
[PlyCount "41"]
[EventDate "2010.01.26"]
[EventType "swiss"]
[EventRounds "5"]
[EventCountry "GGB"]
[SourceTitle "BritBase"]
[Source "www.saund.co.uk"]
[SourceDate "2018.02.10"]
[SourceVersion "1"]
[SourceVersionDate "2018.02.10"]
[SourceQuality "1"]

1. e4 d5 2. exd5 Qxd5 3. Nc3 Qd6 4. Nf3 Nf6 5. Bc4 c6 6. O-O Bg4 7. h3 Bh5 8.
Re1 Nbd7 9. Be2 e6 10. d4 O-O-O 11. Be3 Nb6 12. Ne5 Bxe2 13. Qxe2 Be7 14. Nxf7
Qc7 15. Nxh8 Rxh8 16. Bf4 Qxf4 17. Qxe6+ Kb8 18. Qxe7 Re8 19. Qxg7 Rxe1+ 20.
Rxe1 Qd2 21. Qf8+ 1-0

[Event "Gibtelecom AmatWk1 8th"]
[Site "Gibraltar"]
[Date "2010.01.29"]
[Round "4.5"]
[White "Brooks, Harry"]
[Black "Homer, Neil S"]
[Result "1-0"]
[WhiteElo "1552"]
[BlackElo "1704"]
[PlyCount "93"]
[EventDate "2010.01.26"]
[EventType "swiss"]
[EventRounds "5"]
[EventCountry "GGB"]
[SourceTitle "BritBase"]
[Source "www.saund.co.uk"]
[SourceDate "2018.02.10"]
[SourceVersion "1"]
[SourceVersionDate "2018.02.10"]
[SourceQuality "1"]

1. d4 d5 2. Nf3 Nf6 3. e3 Bf5 4. Bd3 e6 5. O-O g6 6. Nbd2 Bg7 7. Re1 Ne4 8. Nf1
Bg4 9. h3 Bxf3 10. Qxf3 f5 11. Bxe4 dxe4 12. Qe2 O-O 13. Bd2 Nc6 14. c3 a6 15.
Nh2 Qd7 16. g4 Qe7 17. f4 exf3 18. Nxf3 fxg4 19. hxg4 Rf7 20. Rf1 Qd7 21. Ng5
Rxf1+ 22. Rxf1 Rf8 23. Rxf8+ Bxf8 24. Qc4 Qd5 25. Qxd5 exd5 26. e4 dxe4 27.
Nxe4 Be7 28. Bf4 Bd8 29. Nc5 g5 30. Bg3 Na5 31. Ne6 Bf6 32. Bxc7 Nc4 33. b4 Be7
34. Kf2 Kf7 35. d5 Ke8 36. Ke2 Kd7 37. Kd3 b5 38. Bg3 Nb6 39. Ke4 Na4 40. Be5
Nb6 41. Nc5+ Bxc5 42. bxc5 Nc4 43. c6+ Kc8 44. d6 Nb2 45. Kf5 Nc4 46. d7+ Kd8
47. Bf6+ 1-0